5HLuxD.jpg

KING HENRY VIII SENIOR AND PRIMARY SCHOOL LIBRARY OPAC

El Deafo (Record no. 5324)

000 -LEADER
fixed length control field 00288nam a22001217a 4500
008 - FIXED-LENGTH DATA ELEMENTS--GENERAL INFORMATION
fixed length control field 250904b ||||| |||| 00| 0 eng d
020 ## - INTERNATIONAL STANDARD BOOK NUMBER
International Standard Book Number 9781419712173
082 ## - DEWEY DECIMAL CLASSIFICATION NUMBER
Classification number 362.4 BEL
100 ## - MAIN ENTRY--PERSONAL NAME
Personal name BELL,CECE
Relator term AUTHOR
Language of a work ENGLISH
245 ## - TITLE STATEMENT
Title El Deafo
260 ## - PUBLICATION, DISTRIBUTION, ETC.
Name of publisher, distributor, etc. Amulet Books New York
942 ## - ADDED ENTRY ELEMENTS (KOHA)
Source of classification or shelving scheme
Holdings
Withdrawn status Lost status Source of classification or shelving scheme Damaged status Not for loan Collection code Permanent Location Current Location Shelving location Date acquired Total Checkouts Full call number Barcode Date due Date last seen Date last checked out Price effective from Koha item type Public note
          Fiction KH8 Primary School Library KH8 Primary School Library Fiction 2025-09-04 3 362.4 BEL KHPL000007134 2026-04-16 2026-04-08 2026-04-08 2025-09-04 Books - Fiction PRIMARY LIBRARY

Powered By KH8 IT Dept